Technopolis : Social control of the uses of science

محفوظ في:
التفاصيل البيبلوغرافية
المؤلف الرئيسي: Calder, Nigel
التنسيق: كتاب
اللغة:Undetermined
منشور في: London Macgibon and Kee 1969
الموضوعات:
الوسوم: إضافة وسم
لا توجد وسوم, كن أول من يضع وسما على هذه التسجيلة!
Thư viện lưu trữ: Trung tâm Học liệu Trường Đại học Cần Thơ
LEADER 00511nam a2200193Ia 4500
001 CTU_86119
008 210402s9999 xx 000 0 und d
082 |a 300 
082 |b C146 
100 |a Calder, Nigel 
245 0 |a Technopolis : 
245 0 |b Social control of the uses of science 
245 0 |c Nigel Calder 
260 |a London 
260 |b Macgibon and Kee 
260 |c 1969 
650 |a Technology and civilization 
904 |i Năm 
980 |a Trung tâm Học liệu Trường Đại học Cần Thơ